El pensamiento chino /

Obra que describe los principales temas y estructuras del pensamiento chino, sus categorías fundamentales (espacio, tiempo, ying, yang, tao, los números) y sus sectas y escuelas filosóficas.

Kaydedildi:
Detaylı Bibliyografya
Yazar: Granet, Marcel (autor)
Materyal Türü: Kitap
Dil:İspanyolca
Baskı/Yayın Bilgisi: Madrid, España : Trotta, 2013, c2013
Seri Bilgileri:(Pliegos de Oriente) [s.n.]
Konular:
Etiketler: Etiketle
Etiket eklenmemiş, İlk siz ekleyin!

MARC

LEADER 00000nam^a2200000^a^4500
001 000380522
005 20250521000000.0
009 20260310120605.129
020 |a 978-84-9879-386-4 
037 |a Acervo Xavier Clavigero 
041 |a ESP 
082 |a 299. 51  |b GRA 
100 |a Granet, Marcel  |e (autor) 
245 1 3 |a El pensamiento chino /  |c M. Granet ; pref. de León Vandermeersch ; tr. por José Manuel Revuelta. 
264 4 |a Madrid, España :  |b Trotta,  |c 2013, c2013 
300 |a 462 p. 
336 |a texto  |b txt  |2 rdacontenido 
337 |a sin mediación  |b n  |2 rdamedio 
338 |a volumen  |b nc  |2 rdasoporte 
440 1 |a (Pliegos de Oriente) [s.n.] 
500 |a Traducción de: La pensée chinoise 
520 |a Obra que describe los principales temas y estructuras del pensamiento chino, sus categorías fundamentales (espacio, tiempo, ying, yang, tao, los números) y sus sectas y escuelas filosóficas. 
649 |a XX 
650 |a Espacio y Tiempo 
650 |a Taoísmo 
650 |a Escuelas Cosmológicas (Filosofía China) 
650 |a Filosofía China -  |x Tema Principal 
650 |a Filosofías Orientales 
650 |a Filosofía 
910 |a Fondo General 
920 |a Impresos - Libros 
930 |a Colección General 
905 |a 101 
901 |a 0500275352  |b IT1  |c ACC  |i FXC C1409  |u 20250521 
902 |a https://opac.biblio.iteso.mx/vufind/Record/000380522